000 00552nam a2200193Ia 4500
003 OSt
005 20251128160824.0
008 220917b |||||||| |||| 00| 0 eng d
037 _cTB
040 _aARTS
_cARTS
_beng
041 _2eng
_aeng
084 _aU25 K1
_qAL
100 _aSverdrup, H U
_994278
245 0 _aOceans:
_b their physics, chemistry, and general biology
260 _c1961
650 _aGEOGRAPHY
_9853596
942 _hU25 K1(TTU),-;1(UD)-;2 (TU)-;3
_cTB
_2CC
_n0
999 _c212678
_d212678